| 000 | 00552nam a2200181 i 4500 | ||
|---|---|---|---|
| 001 | 52698 | ||
| 003 | ES-MaACL | ||
| 005 | 20230906162629.0 | ||
| 007 | t| | ||
| 008 | 030903m19051996fr ||||1| fre d | ||
| 100 | 1 |
_aDebauve, Alphonse. _943112 |
|
| 245 | 1 | 0 |
_aAssainissement des villes _b: distributions d'eau / _cpar A. Debaueve ; Ed. Imbeaux. |
| 250 | _a3e ed. | ||
| 260 |
_aParis : _bH. Dunod, _c1905-06 ( _eTours : _fDeslis) |
||
| 300 |
_a4 v. ; _c24 y 32 cm. |
||
| 700 | 1 |
_aImbeaux, Edouard ( _d1861-1943) _9152992 |
|
| 852 |
_aES-MaACL _jG-5768-71 |
||
| 999 |
_c52698 _d52698 |
||